000 00626nam a22002177a 4500
003 DO-SdBPM
005 20250526093818.0
008 161031b1936 cl 00| 0 spa d
040 _aDO-SdBPM
_bspa
_cBPMSU
082 4 _a232.9
_bP217m 1985
_222
100 1 _aPapini, Giovanni,
_d1881-1956.
245 1 0 _aMemorias de Dios /
_cGiovanni Papini
250 _a2a. ed.
260 _aChile :
_bEmpresas letras,
_c1985
300 _a137 p. :
_c20 cm.
490 0 _aEdiciones selectas,
_v4
590 _aInventariado, 2025/VM
650 4 _aVida de Jesucristo
910 _a VMateo V. Control de calidad. BPMSU
942 _2ddc
_cBK
999 _c13150
_d13150